Statistics for First 100 words of the Hobbit

Click here to take the quiz!

General Stats

  • This quiz has been taken 2,108 times
  • The average score is 46 of 100

Answer Stats

Word% Correct
a
97%
The
97%
the
97%
hobbit
91%
hobbit.
91%
In
88%
in
88%
there
80%
an
75%
lived
75%
was
70%
hole,
69%
hole
69%
It
65%
it
65%
and
64%
ground
62%
Not
61%
on
60%
of
52%
to
51%
that
46%
with
40%
door
38%
dirty,
36%
had
34%
or
33%
comfort.
31%
green,
30%
nasty,
29%
middle.
28%
round
28%
wet
27%
means
26%
smell,
26%
nor
24%
worms
24%
like
19%
down
18%
dry,
18%
eat:
18%
filled
18%
very
18%
ends
16%
sandy
16%
knob
15%
nothing
15%
opened
15%
sit
15%
oozy
14%
painted
14%
yet
13%
brass
12%
hall
12%
yellow
12%
bare,
11%
exact
11%
perfectly
10%
tunnel
10%
tunnel:
10%
comfortable
9%
shiny
9%
smoke,
9%
without
9%
porthole,
8%
walls,
8%
shaped
7%
carpeted,
6%
floors
6%
panelled
6%
tiled
6%
tube
6%

Score Distribution

Percentile by Number Answered

Percent of People with Each Score

Your Score History

You have not taken this quiz